Vöröskő Szarvas hágó

Zobrazenie: Pohľad výhladkovú plošinku v lese

Bibliographic Details
Format: Postcard
Language:Hungarian
German
PhysicalDescription:1 pohľadnica tónovaná do zelena 9 x 14 cm
Published: [Modra] May Samu [medzi 1905 a 1930?]
Subjects:

MARC

LEADER 00000nkm a2200000 a 4500
001 vtls011857414
003 SK-MaSNL
005 20260512124224.0
007 kp ao
008 230718q1905 xo g 0k|hun
015 |a SNBG 
035 |a urn:nbn:sk:snk-km00dtv2 
035 |a urn:nbn:sk:snk-km3lu66 
035 |a DC003EC2-3CEA-4CF2-93FE-80CCDB2302E8 
040 |a SNK  |b slo  |c SNK  |e AACR2 
041 0 |a hun  |a ger 
043 |a e-xo--- 
044 |a xo  |c SK 
072 7 |a 913  |x Regionálna geografia  |2 konspekt 
080 |a 913(437.6)  |2 2011 
080 |a (084.121)  |2 2011 
080 |a 908(437.6)  |2 2011 
080 |a 728.81  |2 2011 
080 |a 904:72  |2 2011 
245 0 0 |a Vöröskő  |h grafika  |b Szarvas hágó 
246 3 1 |a Bibersburg  |b Hirschensprung 
260 |a [Modra]  |b May Samu  |c [medzi 1905 a 1930?] 
300 |a 1 pohľadnica  |b tónovaná do zelena  |c 9 x 14 cm 
520 8 |a Zobrazenie: Pohľad výhladkovú plošinku v lese 
546 |a Súbežný názov v nemčine 
610 2 7 |a Červený Kameň (Častá, Slovensko : hrad)  |2 SNKKA  |9 165952 
650 0 7 |a hrady  |2 SNKPH  |9 3039 
650 0 7 |a národné kultúrne pamiatky  |2 SNKPH  |9 31192 
651 7 |a Častá (Slovensko)  |2 SNKPHgeo  |9 26752 
655 7 |a miestne pohľadnice  |2 SNKPH  |9 70510 
655 7 |a pohľadnice kultúrnych pamiatok  |2 SNKPH  |9 70523 
655 7 |a geografické pohľadnice  |2 SNKPH  |9 70522 
852 |a Slovenská národná knižnica 
954 |a pohľadnice pôvodné (slovenské)  |2 lita 
958 |a OND 
958 |a GBN 
958 |a GC 
958 |a EUIPO 
999 |c 860613  |d 862543 
952 |a SNK  |b SNK  |y PREZ  |7 0  |p 17A1224489  |o snkSP 10244  |0 0  |1 0  |4 0  |d 2019-03-22  |f 1  |l 0  |r 2026-02-24 05:10:27  |w 2026-02-24